| 000 | 02268cam a2200565Ii 4500 | ||
|---|---|---|---|
| 001 | sjds884111 | ||
| 003 | sjds | ||
| 005 | 20160925161917.0 | ||
| 008 | 130909s2013 enka j 000 1 eng d | ||
| 020 | _a9781846435706 (pbk.) | ||
| 020 | _a1846435706 (pbk.) | ||
| 035 | _a720587 | ||
| 035 |
_a(OCoLC)857773232 _z(OCoLC)829743573 |
||
| 035 | _a716483 | ||
| 035 | _a720587 | ||
| 035 | _a720587 | ||
| 040 |
_aPNX _beng _erda _cPNX _dOCLCO _dOCLCQ _dCWJ _dBTCTA _dYDXCP _dBPLCP _dOCLCO _dSAP _dNYP _dOCLCO |
||
| 041 | 1 |
_aeng _aspa _heng |
|
| 049 | _aIFAA | ||
| 099 | _f2013 | ||
| 100 | _aBirkett, Georgie. | ||
| 245 | 0 | 0 |
_aGrow it! = A sembrar! / _cillustrated by Georgie Birkett = ilustrado por Georgie Birkett ; [traducido por Teresa Mlawer]. |
| 246 | 3 | 1 | _aA sembrar! |
| 246 | 3 | 0 | _aSembrar! |
| 260 |
_aSwindon : _bChild's Play (International) Ltd, _c[2013] |
||
| 264 | 1 |
_aSwindon : _bChild's Play (International) Ltd, _c[2013] |
|
| 300 |
_a1 volume (unpaged) : _bcolor illustrations ; _c21 cm. |
||
| 336 |
_atext _btxt _2rdacontent |
||
| 336 |
_astill image _bsti _2rdacontent |
||
| 337 |
_aunmediated _bn _2rdamedia |
||
| 338 |
_avolume _bnc _2rdacarrier |
||
| 490 | 1 | _aHelping hands | |
| 520 | _aA boy helps his parents sow and water seeds, transplant small plants, weed, and harvest a home garden and share some of the produce with a neighbor. | ||
| 520 | _aUn niño ayuda a sus padres siembran semillas y agua, pequeñas plantas de trasplante, las malas hierbas, y la cosecha de un huerto familiar y comparten algunos de los productos con un vecino. | ||
| 650 | 0 |
_aGardening _vJuvenile fiction. |
|
| 650 | 0 |
_aHelpfulness _vJuvenile fiction. |
|
| 650 | 0 |
_aParent and child _vJuvenile fiction. |
|
| 650 | 7 |
_aJardinería _vNovela juvenil. _2bidex |
|
| 650 | 7 |
_aEspíritu de servicio _vNovela juvenil. _2bidex |
|
| 650 | 7 |
_aPadres e hijos _vNovela juvenil. _2bidex |
|
| 650 | 0 |
_aSpanish language materials _xBilingual _vJuvenile literature. |
|
| 650 | 4 |
_aMateriales bilingües en español _vLiteratura juvenil. |
|
| 700 | 1 | _eillustrator. | |
| 700 | 1 |
_aMlawer, Teresa, _etranslator. |
|
| 710 | 2 |
_aChild's Play (Firm), _eeditor. |
|
| 730 | 0 | 2 | _aGrow it! |
| 730 | 0 | 2 |
_aGrow it!. _lSpanish. |
| 830 | 0 |
_aHelping hands. _lSpanish & English. |
|
| 942 | _cBK | ||
| 999 |
_c16215 _d16215 |
||